000
00350nam a2200133Ia 4500
008
100328s9999 xx 000 0 und d
082
_b
38374
100
_a
राजे नयना
245
_a
समरांगण
260
_b
नवचैतन्य
630
_a
समरांगण
730
_a
समरांगण
942
_c
BOOK
999
_c
527574
_d
527571